| 000 | 01119nam a22002537a 4500 | ||
|---|---|---|---|
| 003 | OSt | ||
| 005 | 20230823144114.0 | ||
| 008 | 221006b |||||||| |||| 00| 0 eng d | ||
| 040 | _cBiblioteca Lado V | ||
| 082 |
_a700 _bR331a |
||
| 100 |
_9962 _aReeve, Charles _eeditor |
||
| 245 | _aART PAPERS MAGAZINE/ | ||
| 260 |
_c2002 _bMITPREESS _aHonduras |
||
| 300 |
_c22x28cm _a62p. |
||
| 505 |
_tFEATURES _aThe Passenger Lay Miserables Is there a "Post-Black" Art? |
||
| 505 |
_tCOLUMNS AND RESOURCES _aHeadlines In Brazil Sound Bytes Readings Art Resource Guide |
||
| 505 |
_tPATRIMONIO CULTURAL _aEL MUNICIPIO REPUBLICANO EN HONDURAS, EL CASO DE COMAYAGÜELA COMAYAGÜELA EN LOS TIEMPOS DE LA ORQUESTA VERDI |
||
| 505 | _tActualidad del Teatro Centroamericano | ||
| 505 | _tLa formación de artistas profesionales en la universidad de San Carlos de Guatemala | ||
| 650 |
_2Tesauro de Arte & Arquitectura _aARTE |
||
| 650 |
_2Tesauro de Arte & Arquitectura _aEXHIBICIONES _9702 |
||
| 650 |
_2Tesauro de Arte & Arquitectura _aANALISIS _9703 |
||
| 942 |
_2ddc _c1 _h700 _iR331a _n0 |
||
| 999 |
_c4198 _d4198 |
||